[Event "XLI C.to Italiano a squadre Master"]
[Site "Senigallia ITA"]
[Date "2009.05.03"]
[Round "7"]
[White "Ferro, Mario"]
[Black "Ragonesi, Marcello"]
[Result "1-0"]
[WhiteElo "2224"]
[BlackElo "2151"]
[PlyCount "107"]
[EventDate "2009.04.30"]

1. d4 Nf6 2. Nf3 g6 3. g3 Bg7 4. Bg2 c5 5. O-O cxd4 6. Qxd4 d5 7. c4 Nc6 8. Qh4
dxc4 9. Nc3 O-O 10. Bh6 Ng4 11. Bxg7 Kxg7 12. h3 Nf6 13. Qxc4 Be6 14. Qc5 h6
15. Rfd1 Qc8 16. g4 h5 17. g5 Nd7 18. Qe3 Kg8 19. Nd4 Nxd4 20. Rxd4 Qc5 21. Nd5
Bxd5 22. Bxd5 Qb6 23. Rad1 Nc5 24. b4 Na6 25. Qxe7 Nc7 26. Qc5 Nxd5 27. Rxd5
Qe6 28. Qe3 Qxe3 29. fxe3 Rae8 30. R1d3 Re7 31. Rd7 Rfe8 32. Kf2 Kg7 33. Rxe7
Rxe7 34. Kf3 Rc7 35. Rd6 Rc4 36. a3 Rc3 37. Rd7 Rxa3 38. Rxb7 Rb3 39. b5 Rb4
40. e4 Kf8 41. Kf4 Kg7 42. h4 Ra4 43. e3 a6 44. b6 Rb4 45. Ke5 a5 46. Kd5 Rb5+
47. Kc6 Re5 48. Ra7 Re6+ 49. Kc7 Re7+ 50. Kd8 Rxe4 51. b7 Rb4 52. Kc8 Rc4+ 53.
Kb8 Re4 54. Ka8 1-0

[Event "XLI C.to Italiano a squadre Master"]
[Site "Senigallia ITA"]
[Date "2009.05.03"]
[Round "7"]
[White "Garcia Palermo, Carlos Horacio"]
[Black "Ortega, Lexy"]
[Result "1-0"]
[WhiteElo "2484"]
[BlackElo "2442"]
[PlyCount "62"]
[EventDate "2009.04.30"]

1. Nf3 f5 2. d4 Nf6 3. c4 g6 4. b4 d6 5. Bb2 e5 6. dxe5 dxe5 7. Qxd8+ Kxd8 8.
a3 Bg7 9. Nxe5 Be6 10. Nd2 a5 11. b5 Nbd7 12. Nxd7 Kxd7 13. e3 Rad8 14. Nb3 Kc8
15. Nxa5 Rhg8 16. Nb3 f4 17. Be2 fxe3 18. fxe3 Bf5 19. Rf1 Rde8 20. Bd4 Ng4 21.
Bxg4 Bxg4 22. Kd2 Bh6 23. Rf7 Rxe3 24. Bxe3 Rd8+ 25. Kc3 Bxe3 26. Re1 Bg5 27.
h3 Bf5 28. Nd4 h5 29. Re2 Bd7 30. Ne6 Re8 31. Rxd7 Bf6+ 1-0

[Event "XLI C.to Italiano a squadre Master"]
[Site "Senigallia ITA"]
[Date "2009.05.03"]
[Round "7"]
[White "Godena, Michele"]
[Black "Macieja, Bartlomiej"]
[Result "1/2-1/2"]
[WhiteElo "2538"]
[BlackElo "2601"]
[PlyCount "32"]
[EventDate "2009.04.30"]

1. e4 c6 2. d4 d5 3. Nd2 dxe4 4. Nxe4 Bf5 5. Ng3 Bg6 6. Nh3 Nf6 7. Nf4 e5 8.
Nxg6 hxg6 9. dxe5 Qa5+ 10. Bd2 Qxe5+ 11. Qe2 Nbd7 12. Qxe5+ Nxe5 13. Be2 Bc5
14. O-O O-O-O 15. Rad1 Rhe8 16. h3 b5 1/2-1/2

[Event "XLI C.to Italiano a squadre Master"]
[Site "Senigallia ITA"]
[Date "2009.05.03"]
[Round "7"]
[White "Iotti, Pierluigi"]
[Black "Ramondino, Renzo"]
[Result "0-1"]
[WhiteElo "2300"]
[BlackElo "2259"]
[PlyCount "116"]
[EventDate "2009.04.30"]

1. d4 Nf6 2. Nf3 g6 3. c4 Bg7 4. Nc3 O-O 5. e4 d6 6. Be2 Nbd7 7. O-O e5 8. Re1
c6 9. Bf1 h6 10. Rb1 Nh7 11. b3 Ng5 12. Nxg5 exd4 13. Ne2 hxg5 14. Nxd4 a5 15.
Bb2 Re8 16. g3 Ne5 17. Nf3 Bg4 18. Be2 Nxf3+ 19. Bxf3 Bxb2 20. Rxb2 Qf6 21.
Bxg4 Qxb2 22. Re2 Qe5 23. h3 Rad8 24. Kg2 b5 25. Qc2 Qc5 26. Qd2 bxc4 27. bxc4
Re5 28. f4 gxf4 29. gxf4 Ree8 30. f5 Kg7 31. Qg5 Qe5 32. Rf2 Qxe4+ 33. Kg1 Qe3
34. f6+ Kg8 35. Qxa5 Rb8 36. Kg2 Rb1 37. Qd2 Qxd2 38. Rxd2 Rd8 39. Bf3 Rc1 40.
Bxc6 Rxc4 41. Bd5 Rf4 42. Rf2 Rd4 43. Bb3 d5 44. Kg3 Rd6 45. h4 Kf8 46. Rf3 Ke8
47. Re3+ Re6 48. Rf3 Ree4 49. h5 gxh5 50. Rf5 h4+ 51. Kf3 Rd3+ 52. Kf2 d4 53.
Bd5 Ree3 54. Bc6+ Kd8 55. Bd5 h3 56. Rh5 h2 57. Rh4 Rd2+ 58. Kf1 Rg3 0-1

[Event "XLI C.to Italiano a squadre Master"]
[Site "Senigallia ITA"]
[Date "2009.05.03"]
[Round "7"]
[White "Malloni, Marcello"]
[Black "Di Paolo, Raffaele"]
[Result "0-1"]
[WhiteElo "2278"]
[BlackElo "2339"]
[PlyCount "74"]
[EventDate "2009.04.30"]

1. e4 c5 2. Nf3 Nc6 3. Bb5 e6 4. Bxc6 bxc6 5. O-O Qc7 6. Re1 Ne7 7. c3 Ng6 8.
d4 Be7 9. Be3 Rb8 10. Qd2 cxd4 11. cxd4 O-O 12. Nc3 f5 13. Bg5 Bb4 14. Nh4 Nxh4
15. Bxh4 f4 16. f3 Qa5 17. Rec1 Qh5 18. Bf2 d6 19. a3 Bxc3 20. Rxc3 Bd7 21. e5
d5 22. Rac1 g5 23. h3 Qg6 24. R1c2 h5 25. Kf1 Be8 26. Be1 Rb7 27. Qc1 g4 28.
fxg4 hxg4 29. hxg4 Rh7 30. Rh3 f3 31. Rxh7 fxg2+ 32. Kg1 Rf1+ 33. Kxg2 Rxe1 34.
Rh3 Qe4+ 35. Rf3 Rxc1 36. Rxc1 Bg6 37. Kg3 Qxd4 0-1

[Event "XLI C.to Italiano a squadre Master"]
[Site "Senigallia ITA"]
[Date "2009.05.03"]
[Round "7"]
[White "Manca, Federico"]
[Black "D'Amore, Carlo"]
[Result "1/2-1/2"]
[WhiteElo "2373"]
[BlackElo "2483"]
[PlyCount "75"]
[EventDate "2009.04.30"]

1. e4 e5 2. Nf3 Nc6 3. d4 exd4 4. Nxd4 Bc5 5. Be3 Qf6 6. c3 Nge7 7. g3 h5 8. h3
h4 9. g4 Ng6 10. Qd2 O-O 11. b4 Bb6 12. b5 Nxd4 13. cxd4 Qf3 14. Rh2 Qxe4 15.
Nc3 Qe6 16. O-O-O Re8 17. Kb2 d5 18. Bd3 c6 19. bxc6 bxc6 20. Na4 c5 21. Bxg6
fxg6 22. Rhh1 cxd4 23. Bxd4 Bxd4+ 24. Qxd4 Rb8+ 25. Ka1 Qe5 26. Nc3 g5 27. Qxe5
Rxe5 28. Rxd5 Rxd5 29. Nxd5 Be6 30. Nc3 Rf8 31. Re1 Bc4 32. Ne4 Bd5 33. Nxg5
Rxf2 34. Re8+ Rf8 35. Re7 a6 36. Rd7 Bc4 37. Rc7 Bd5 38. Rd7 1/2-1/2

[Event "XLI C.to Italiano a squadre Master"]
[Site "Senigallia ITA"]
[Date "2009.05.03"]
[Round "7"]
[White "Mazzilli, Piero"]
[Black "Vezzosi, Paolo"]
[Result "1/2-1/2"]
[WhiteElo "2326"]
[BlackElo "2363"]
[PlyCount "79"]
[EventDate "2009.04.30"]

1. e4 c6 2. c4 e5 3. Nf3 d6 4. d4 Qc7 5. Nc3 Bg4 6. Be2 Nf6 7. O-O Nbd7 8. Be3
Be7 9. Qc2 O-O 10. Rac1 Rfe8 11. Rfd1 Bxf3 12. Bxf3 h6 13. g3 Nf8 14. d5 Red8
15. b4 a5 16. a3 N8d7 17. Qd2 c5 18. Nb5 Qb6 19. Rb1 axb4 20. axb4 Rdc8 21. Rb3
Qd8 22. Rdb1 Qf8 23. Qe2 Bd8 24. Bg4 Bb6 25. Bxd7 Nxd7 26. Qg4 Nf6 27. Qf3 Qd8
28. Nc3 cxb4 29. Bxb6 Qxb6 30. Rxb4 Qd4 31. Nb5 Qxe4 32. Qxe4 Nxe4 33. f3 Nd2
34. Nxd6 Nxb1 35. Nxc8 Rxc8 36. Rxb1 Rxc4 37. Rxb7 Rd4 38. Rd7 Rd2 39. d6 g6
40. Re7 1/2-1/2

[Event "XLI C.to Italiano a squadre Master"]
[Site "Senigallia ITA"]
[Date "2009.05.03"]
[Round "7"]
[White "Parpinel, Marco"]
[Black "Salvetti, Alec"]
[Result "1-0"]
[WhiteElo "2148"]
[BlackElo "2304"]
[PlyCount "53"]
[EventDate "2009.04.30"]

1. e4 e6 2. Nf3 c5 3. a3 Nc6 4. b4 cxb4 5. axb4 Bxb4 6. Bb2 Nf6 7. e5 Nd5 8. c4
Nf4 9. h4 h5 10. g3 Ng6 11. Bd3 Qc7 12. Qe2 Rb8 13. O-O b6 14. Re1 Bb7 15. Na3
a6 16. Nc2 Nge7 17. Ng5 a5 18. Be4 g6 19. Nxb4 axb4 20. d4 Nf5 21. Qd2 Kf8 22.
d5 Na5 23. Qxb4+ Kg7 24. Bxf5 gxf5 25. Qe7 Rh6 26. Qxf7+ Kh8 27. Ba3 1-0

[Event "XLI C.to Italiano a squadre Master"]
[Site "Senigallia ITA"]
[Date "2009.05.03"]
[Round "7"]
[White "Rombaldoni, Axel"]
[Black "Napoli, Nicolo'"]
[Result "1/2-1/2"]
[WhiteElo "2363"]
[BlackElo "2353"]
[PlyCount "119"]
[EventDate "2009.04.30"]

1. e4 c6 2. d4 d5 3. e5 g6 4. h3 Bg7 5. Nf3 f6 6. Bf4 Qb6 7. b3 Nd7 8. Be2 fxe5
9. dxe5 e6 10. Qd2 Qc7 11. Nc3 Nxe5 12. Nxe5 Bxe5 13. Bxe5 Qxe5 14. f4 Qg7 15.
O-O-O Nf6 16. Kb1 Bd7 17. g4 O-O-O 18. Qe3 Kb8 19. Na4 Ne4 20. Bf3 Nd6 21. Qc5
Bc8 22. Rhf1 Rhf8 23. Qb4 e5 24. Be2 exf4 25. Rxf4 Qe5 26. Rxf8 Rxf8 27. Nc5
Ka8 28. Re1 Rf4 29. Bc4 Qf6 30. Ne6 Bxe6 31. Qxd6 dxc4 32. g5 Qxg5 33. Rxe6 a6
34. Re1 Ka7 35. b4 c3 36. a3 Qf5 37. Qe7 Rf3 38. h4 h6 39. Qg7 c5 40. b5 axb5
41. Qc7 Ka6 42. Qd6+ b6 43. Qb8 Qf8 44. Qc7 Rf1 45. Rxf1 Qxf1+ 46. Ka2 Qc4+ 47.
Kb1 Qd5 48. Qc8+ Qb7 49. Qh8 g5 50. h5 g4 51. Qg8 Qd7 52. Qa8+ Qa7 53. Qc8+ Qb7
54. Qxg4 Qh1+ 55. Ka2 Qd5+ 56. Kb1 Ka5 57. Ka1 Qd2 58. Kb1 Qe1+ 59. Ka2 Qc1 60.
Qa4+ 1/2-1/2

[Event "XLI C.to Italiano a squadre Master"]
[Site "Senigallia ITA"]
[Date "2009.05.03"]
[Round "7"]
[White "Rombaldoni, Denis"]
[Black "Olszewski, Michal"]
[Result "0-1"]
[WhiteElo "2442"]
[BlackElo "2538"]
[PlyCount "52"]
[EventDate "2009.04.30"]

1. d4 Nf6 2. Nf3 e6 3. e3 b6 4. Bd3 Bb7 5. O-O c5 6. c4 g6 7. d5 exd5 8. cxd5
Bg7 9. e4 d6 10. Nc3 O-O 11. Bf4 Nh5 12. Bg5 Bf6 13. Be3 Nd7 14. g4 Ng7 15. Bf4
Ne5 16. Nxe5 Bxe5 17. Bxe5 dxe5 18. Qf3 h5 19. gxh5 Nxh5 20. Kh1 Kg7 21. Ne2
Qh4 22. Rg1 Bc8 23. Qg2 Rh8 24. Bb5 Bh3 25. Qf3 Nf6 26. Nc3 Bg4 0-1

[Event "XLI C.to Italiano a squadre Master"]
[Site "Senigallia ITA"]
[Date "2009.05.03"]
[Round "7"]
[White "Salvador, Roland"]
[Black "Vocaturo, Daniele"]
[Result "1-0"]
[WhiteElo "2445"]
[BlackElo "2480"]
[PlyCount "111"]
[EventDate "2009.04.30"]

1. d4 Nf6 2. Nf3 g6 3. g3 Bg7 4. Bg2 O-O 5. O-O d6 6. Nc3 Nbd7 7. e4 e5 8. Re1
Re8 9. h3 c6 10. a4 Qc7 11. Be3 b6 12. Qd2 Bb7 13. Rad1 Rad8 14. Bh6 a6 15.
Bxg7 Kxg7 16. d5 cxd5 17. exd5 Rc8 18. Nh4 h6 19. Kh2 Qc4 20. Re3 Qb4 21. Qc1
Rc4 22. Nf3 Rec8 23. Ne1 Nc5 24. Nd3 Nxd3 25. Rexd3 Nd7 26. R3d2 Nc5 27. Bf1
Rd4 28. Rxd4 exd4 29. Qf4 Qxb2 30. Qxd4+ Kg8 31. Rb1 Nb3 32. Qxb6 Qxc3 33. Rxb3
Qe1 34. Rb1 Qd2 35. Qxb7 Qxf2+ 36. Bg2 Rxc2 37. Rg1 Qf6 38. Qxa6 Qe5 39. Rd1 h5
40. Qf1 h4 41. Rd3 Ra2 42. Qf3 Rxa4 43. Re3 hxg3+ 44. Qxg3 Qf6 45. Rf3 Qe7 46.
Ra3 Rc4 47. Rc3 Rd4 48. Rc6 Rd1 49. Rxd6 Qa7 50. Rd8+ Kg7 51. Qc3+ f6 52. Re8
Qg1+ 53. Kg3 Qb6 54. Re7+ Kf8 55. Re6 Qc7+ 56. Qxc7 1-0

[Event "XLI C.to Italiano a squadre Master"]
[Site "Senigallia ITA"]
[Date "2009.05.03"]
[Round "7"]
[White "Shytaj, Luca"]
[Black "Stromboli, Carlo"]
[Result "1-0"]
[WhiteElo "2447"]
[BlackElo "2283"]
[PlyCount "72"]
[EventDate "2009.04.30"]

1. e4 e5 2. Nf3 Nc6 3. Nc3 Nf6 4. Bb5 Bb4 5. O-O O-O 6. d3 Bxc3 7. bxc3 d6 8.
Bg5 Ne7 9. Re1 Nd7 10. d4 f6 11. Bc1 Kh8 12. Rb1 Nb6 13. dxe5 dxe5 14. Ba3 c6
15. Qxd8 Rxd8 16. Bxe7 Re8 17. Bxf6 gxf6 18. Bf1 Na4 19. Re3 Nc5 20. Nd2 Be6
21. Nb3 Na4 22. g3 Rad8 23. f3 Rd7 24. Kf2 Red8 25. Ke1 Kg7 26. Be2 Kf8 27. f4
Ke7 28. Rd1 Rxd1+ 29. Bxd1 Bc8 30. Nd4 Nxc3 31. a3 c5 32. Nb5 Nxb5 33. c3 a6
34. h4 Kf7 35. Be2 Kg6 36. f5+ Kh6 1-0

[Event "XLI C.to Italiano a squadre Master"]
[Site "Senigallia ITA"]
[Date "2009.05.03"]
[Round "7"]
[White "Stromboli, Ettore"]
[Black "Ninov, Nikolai Ivanov"]
[Result "0-1"]
[WhiteElo "2301"]
[BlackElo "2528"]
[PlyCount "124"]
[EventDate "2009.04.30"]

1. e4 c5 2. Nf3 Nc6 3. d4 cxd4 4. Nxd4 Qc7 5. Nc3 e6 6. Be3 Nf6 7. g3 a6 8. Bg2
Bb4 9. O-O Bxc3 10. bxc3 Na5 11. Nb3 Nc4 12. Bc5 d6 13. Bxd6 Nxd6 14. e5 Nde4
15. exf6 Nxf6 16. c4 a5 17. Qd4 a4 18. Qc5 Qe7 19. Qxe7+ Kxe7 20. Nc5 Ra5 21.
Nd3 Rd8 22. Rab1 Rd7 23. Rb4 Rc7 24. Rfb1 e5 25. Re1 Nd7 26. Bd5 f6 27. f4 Kd6
28. fxe5+ Nxe5 29. Nxe5 fxe5 30. Rb6+ Kc5 31. Reb1 Bf5 32. Rxb7 Rxb7 33. Rxb7
Bxc2 34. Kf2 Kd4 35. Ke2 Bd3+ 36. Kd2 e4 37. Re7 Ra6 38. Bg8 Rd6 39. c5 Rd8 40.
Bf7 Kxc5 41. Ke3 Kb4 42. Be6 Bc2 43. Rxg7 Rd3+ 44. Kf2 Kc3 45. Ke1 Re3+ 46. Kf2
Rf3+ 47. Kg2 Rf6 48. Bg4 e3 49. Re7 Kd2 50. h4 Bd3 51. Rd7 e2 52. Bxe2 Kxe2 53.
Rd4 a3 54. g4 Ke3 55. Ra4 Rf2+ 56. Kg3 Rxa2 57. h5 h6 58. Ra8 Be4 59. Ra6 Rg2+
60. Kh3 a2 61. Ra3+ Kf4 62. Ra7 Rg3+ 0-1

[Event "XLI C.to Italiano a squadre Master"]
[Site "Senigallia ITA"]
[Date "2009.05.03"]
[Round "7"]
[White "Zimina, Olga"]
[Black "Palac, Mladen"]
[Result "0-1"]
[WhiteElo "2330"]
[BlackElo "2571"]
[PlyCount "102"]
[EventDate "2009.04.30"]

1. e4 c5 2. Nf3 d6 3. Bb5+ Nd7 4. d4 cxd4 5. Qxd4 a6 6. Bxd7+ Bxd7 7. c4 Nf6 8.
Nc3 g6 9. Bg5 Bg7 10. Nd5 O-O 11. Bxf6 exf6 12. O-O f5 13. e5 dxe5 14. Nxe5 Re8
15. Rfe1 Be6 16. Rad1 Rc8 17. f4 Bxd5 18. cxd5 Qd6 19. a3 Rc7 20. Qb4 Bf8 21.
Qd2 Rd8 22. b4 a5 23. bxa5 Qxa3 24. Rb1 Qc5+ 25. Kh1 Rxd5 26. Qb2 Qxa5 27. Ra1
Qb4 28. Qf2 Qd2 29. Qh4 Be7 30. Qh6 Rc2 31. Rg1 Rxe5 32. Ra8+ Bd8 33. Rxd8+
Qxd8 34. fxe5 Qd2 35. Qh4 Rc1 36. e6 fxe6 37. h3 Rxg1+ 38. Kxg1 Qc1+ 39. Kh2
Qc7+ 40. Kh1 Kg7 41. Qd4+ e5 42. Qd5 b6 43. Qb5 h6 44. Qd5 Kh7 45. Qb5 e4 46.
Qb3 f4 47. Qe6 f3 48. gxf3 exf3 49. Qf6 Qc1+ 50. Kh2 Qd2+ 51. Kg3 Qg5+ 0-1

[Event "II C.to Italiano a squadre femminile"]
[Site "Senigallia ITA"]
[Date "2009.04.30"]
[Round "1"]
[White "Brunello, Marina"]
[Black "Surrusca, Alice Sofia"]
[Result "1-0"]
[WhiteElo "2166"]
[BlackElo "1449"]
[PlyCount "84"]
[EventDate "2009.04.30"]

1. e4 e5 2. Nf3 Nc6 3. d4 Bd6 4. c3 Nf6 5. Bd3 exd4 6. cxd4 Bb4+ 7. Bd2 d5 8.
e5 Ne4 9. Bxb4 Nxb4 10. Qa4+ Nc6 11. O-O O-O 12. a3 Bg4 13. Nbd2 Nxd2 14. Nxd2
Qg5 15. f4 Qh6 16. h3 Bh5 17. Rf2 f6 18. Bb5 fxe5 19. Bxc6 bxc6 20. dxe5 c5 21.
Raf1 d4 22. Qc4+ Kh8 23. Qxc5 d3 24. Qc4 Be2 25. Rc1 Rac8 26. b4 Qb6 27. Qc5
Qa6 28. Nc4 Qa4 29. Qe3 Qb3 30. Rxe2 Rcd8 31. Rb2 Qa4 32. Rd2 Qc6 33. Rxd3 Rxd3
34. Qxd3 h6 35. Qe3 Re8 36. Nb2 Qg6 37. Rxc7 a6 38. Rc1 Qe6 39. Na4 Qa2 40. Nc5
Rd8 41. e6 Rd2 42. Qg3 Qxe6 1-0

[Event "II C.to Italiano a squadre femminile"]
[Site "Senigallia ITA"]
[Date "2009.04.30"]
[Round "1"]
[White "Dona', Cinzia"]
[Black "Brunello, Roberta"]
[Result "0-1"]
[WhiteElo "1410"]
[BlackElo "1940"]
[PlyCount "74"]
[EventDate "2009.04.30"]

1. e4 e5 2. Nf3 Nc6 3. Bc4 Bc5 4. Nc3 Nf6 5. d3 d6 6. Bg5 h6 7. Bh4 a6 8. Nd5
g5 9. Bg3 Bg4 10. h3 Be6 11. c3 Bxd5 12. exd5 Ne7 13. b4 Ba7 14. Qb3 b5 15. Nd2
bxc4 16. Qxc4 O-O 17. O-O Nexd5 18. Rae1 Nh5 19. Qg4 Nxg3 20. Qxg3 Nxc3 21. a3
Qf6 22. Kh1 Qf4 23. Qxf4 exf4 24. Rc1 Nd5 25. Ne4 Rfe8 26. f3 f5 27. Rfd1 fxe4
28. dxe4 Ne3 29. Rd3 Bb6 30. Kh2 a5 31. b5 Re5 32. a4 Rae8 33. g3 Rc5 34. Rg1
Rc2+ 35. Kh1 Nf5 36. Rdd1 Nxg3+ 37. Rxg3 fxg3 0-1

[Event "II C.to Italiano a squadre femminile"]
[Site "Senigallia ITA"]
[Date "2009.04.30"]
[Round "1"]
[White "Goi, Veronika"]
[Black "Foisor, Cristina-Adela"]
[Result "0-1"]
[WhiteElo "1936"]
[BlackElo "2423"]
[PlyCount "52"]
[EventDate "2009.04.30"]

1. e4 e5 2. Nf3 Nc6 3. d4 exd4 4. Nxd4 Nf6 5. Bg5 h6 6. Bh4 Qe7 7. Nc3 g5 8.
Nf5 Qb4 9. Bg3 Qxb2 10. Nb5 Bb4+ 11. Ke2 Nxe4 12. Bxc7 d5 13. Nfd6+ Bxd6 14.
Nxd6+ Nxd6 15. Bxd6 Nd4+ 16. Kd2 Ne6 17. Qe1 Qb6 18. Be5 O-O 19. h4 f6 20. Bg3
Bd7 21. hxg5 hxg5 22. Bd3 Qb4+ 23. c3 Qb2+ 24. Bc2 Rac8 25. Qe3 d4 26. Qe4
Qxc3+ 0-1

[Event "II C.to Italiano a squadre femminile"]
[Site "Senigallia ITA"]
[Date "2009.05.01"]
[Round "2"]
[White "Brunello, Roberta"]
[Black "Ravazzolo, Gaia"]
[Result "1-0"]
[WhiteElo "1940"]
[BlackElo "1675"]
[PlyCount "81"]
[EventDate "2009.04.30"]

1. e4 c6 2. d4 d5 3. e5 c5 4. Be2 cxd4 5. Qxd4 Nc6 6. Qf4 Qc7 7. Nc3 Be6 8. Nf3
a6 9. Na4 h6 10. O-O g5 11. Qe3 O-O-O 12. Nd4 Nxe5 13. Nxe6 fxe6 14. Qa7 Kd7
15. Nc5+ Kd6 16. Nxb7+ Kd7 17. Nc5+ Kd6 18. Qxc7+ Kxc7 19. Nxe6+ Kd7 20. Nxd8
Kxd8 21. Bxa6 Bg7 22. a4 Nc6 23. c3 Nf6 24. a5 Kc7 25. Be3 Nd7 26. Rfd1 e6 27.
Bb5 Ra8 28. Bb6+ Kd6 29. Bxc6 Kxc6 30. Bd4 e5 31. Be3 Nb8 32. b4 Na6 33. Bb6
Nb8 34. c4 d4 35. b5+ Kb7 36. c5 Kc8 37. c6 Bf8 38. Rd3 Bb4 39. Rf3 Be7 40. Rf7
Bd6 41. Rg7 1-0

[Event "II C.to Italiano a squadre femminile"]
[Site "Senigallia ITA"]
[Date "2009.05.01"]
[Round "2"]
[White "Matta, Francesca"]
[Black "Sirletti, Sonia"]
[Result "1-0"]
[WhiteElo "1907"]
[BlackElo "1947"]
[PlyCount "118"]
[EventDate "2009.04.30"]

1. d4 d6 2. c4 Nf6 3. Nc3 Nbd7 4. Nf3 e5 5. e4 Be7 6. Be2 O-O 7. O-O c6 8. h3
a6 9. Be3 b5 10. a3 exd4 11. Nxd4 Qc7 12. Nf5 Ne5 13. cxb5 axb5 14. Nxe7+ Qxe7
15. b3 Ba6 16. Qc2 Rfb8 17. Rfd1 h6 18. f4 Ng6 19. Bf3 Bb7 20. Qf2 Re8 21. g4
Nh7 22. Ne2 c5 23. Ng3 Rad8 24. Nf5 Qc7 25. Qb2 f6 26. Qg2 Ngf8 27. Rd2 Rd7 28.
Rad1 Red8 29. Qf2 Ng6 30. b4 Ngf8 31. bxc5 dxc5 32. Rxd7 Rxd7 33. Bxc5 Qxf4 34.
Rxd7 Nxd7 35. Ne7+ Kf7 36. Be3 Qe5 37. Nd5 Ng5 38. Bxg5 hxg5 39. Kg2 Qd6 40.
Qa2 Kf8 41. Qb3 Qc5 42. a4 Bxd5 43. exd5 bxa4 44. Qxa4 Qd6 45. Qc6 Ke7 46. Kf2
Ne5 47. Qb7+ Qd7 48. Qxd7+ Kxd7 49. Ke3 Kd6 50. Be4 Nc4+ 51. Kd4 Ne5 52. Ke3
Nd7 53. Kd4 Nc5 54. Bf5 Nb3+ 55. Kc3 Nc5 56. Kd4 Nb7 57. Be4 Nd8 58. Bf5 Nf7
59. Be4 Ne5 1-0

[Event "II C.to Italiano a squadre femminile"]
[Site "Senigallia ITA"]
[Date "2009.05.01"]
[Round "3"]
[White "Brunello, Marina"]
[Black "Costantini, Laura"]
[Result "1/2-1/2"]
[WhiteElo "2166"]
[BlackElo "2012"]
[PlyCount "210"]
[EventDate "2009.04.30"]

1. e4 c5 2. c3 d5 3. exd5 Qxd5 4. d4 Nf6 5. Nf3 Bg4 6. Be2 e6 7. O-O Be7 8. Be3
cxd4 9. cxd4 Nc6 10. Nc3 Qd6 11. h3 Bh5 12. Qb3 O-O 13. Rfd1 Qb4 14. d5 Nxd5
15. Nxd5 exd5 16. Rxd5 Bg6 17. Rd7 Bf6 18. Rxb7 Qxb3 19. Rxb3 Rfb8 20. Rxb8+
Rxb8 21. Rc1 Be4 22. b3 h6 23. Nd2 Bd5 24. Rc5 Rd8 25. Rxd5 Rxd5 26. Bf3 Rd6
27. Nc4 Re6 28. Bd5 Rxe3 29. Nxe3 Nb4 30. a3 Nxd5 31. Nxd5 Bd4 32. Kf1 g6 33.
Ke2 f5 34. f3 Kf7 35. Kd3 Bf2 36. Kc4 Ke6 37. Nf4+ Kf6 38. Kd5 Be3 39. Ne2 h5
40. b4 g5 41. g4 fxg4 42. fxg4 hxg4 43. hxg4 Ke7 44. Nd4 Kd7 45. Nf3 Kc7 46.
Ne5 Bd2 47. Nc4 Bc3 48. b5 Be1 49. a4 Kb7 50. Nd6+ Kb6 51. Nc4+ Kb7 52. Ne5 Bf2
53. Kc4 Kb6 54. Nc6 Be1 55. Kd5 Bd2 56. Kd6 a6 57. Nd4 axb5 58. axb5 Be3 59.
Kd5 Bd2 60. Kc4 Be3 61. Ne2 Bd2 62. Ng3 Kc7 63. Ne4 Be3 64. Kd5 Kb6 65. Kc4 Kc7
66. Kb4 Kb6 67. Nf6 Bd2+ 68. Kc4 Be1 69. Ne4 Bh4 70. Nc3 Bf2 71. Na4+ Ka5 72.
Nc5 Kb6 73. Nd7+ Kc7 74. Nf6 Kb6 75. Nd5+ Kb7 76. Kd3 Be1 77. Kc2 Bf2 78. Kb3
Be1 79. Ka4 Bd2 80. Kb3 Be1 81. Kc2 Bf2 82. Kd3 Be1 83. Kd4 Bg3 84. Ke4 Be1 85.
Ke5 Bd2 86. Kd6 Be1 87. Kd7 Bf2 88. Ke6 Be1 89. Kd6 Bf2 90. Ke6 Be1 91. Ke5 Bd2
92. Kf6 Bc1 93. Kf5 Bd2 94. Nf6 Kb6 95. Ne4 Bc1 96. Nxg5 Kxb5 97. Ne6 Kc6 98.
Nf4 Kd7 99. g5 Ke7 100. Nd5+ Kf7 101. g6+ Kg7 102. Nf6 Bb2 103. Nh5+ Kh6 104.
Nf4 Ba1 105. Ke6 Kg5 1/2-1/2

[Event "II C.to Italiano a squadre femminile"]
[Site "Senigallia ITA"]
[Date "2009.05.01"]
[Round "3"]
[White "Chierici, Marianna"]
[Black "Foisor, Cristina-Adela"]
[Result "1/2-1/2"]
[WhiteElo "2003"]
[BlackElo "2423"]
[PlyCount "111"]
[EventDate "2009.04.30"]

1. e4 g6 2. d4 Bg7 3. Nc3 d6 4. f4 c6 5. Nf3 d5 6. e5 Nh6 7. Be2 O-O 8. Be3 Bg4
9. Qd2 f6 10. O-O Nd7 11. h3 Bxf3 12. Bxf3 Nf5 13. Bf2 fxe5 14. fxe5 e6 15. Ne2
c5 16. c3 Rc8 17. Qd1 Bh6 18. Qb3 Nb6 19. dxc5 Nc4 20. Rfd1 Nfe3 21. Nd4 Qe7
22. Rd3 Rcd8 23. Re1 Nf5 24. c6 Nxd4 25. Rxd4 bxc6 26. Rxc4 dxc4 27. Qxc4 Rxf3
28. gxf3 Rd2 29. Qxc6 Bf4 30. h4 g5 31. Qa8+ Kf7 32. Qxa7 Qxa7 33. Bxa7 gxh4
34. Be3 Bxe3+ 35. Rxe3 Rxb2 36. Re4 Rxa2 37. Rxh4 Kg6 38. Rf4 Kg5 39. Rf6 h5
40. Rxe6 Kf4 41. Rh6 Kg3 42. Rg6+ Kxf3 43. Rh6 h4 44. e6 Rg2+ 45. Kh1 Re2 46.
Rf6+ Kg3 47. Rg6+ Kf4 48. Rg2 Rxe6 49. Kh2 Re3 50. Rc2 Ke4 51. Rg2 Rxc3 52.
Rg4+ Kf3 53. Rxh4 Rc2+ 54. Kh3 Rc1 55. Kh2 Rc2+ 56. Kh3 1/2-1/2

[Event "II C.to Italiano a squadre femminile"]
[Site "Senigallia ITA"]
[Date "2009.05.01"]
[Round "3"]
[White "Proietti, Tosca"]
[Black "Brunello, Roberta"]
[Result "1/2-1/2"]
[WhiteElo "1878"]
[BlackElo "1940"]
[PlyCount "37"]
[EventDate "2009.04.30"]

1. e4 e5 2. Nc3 Nc6 3. Bc4 Bc5 4. d3 d6 5. Na4 Bb6 6. Nxb6 axb6 7. Ne2 Be6 8.
O-O Nge7 9. Bxe6 fxe6 10. f4 O-O 11. fxe5 Rxf1+ 12. Qxf1 Nxe5 13. d4 N5c6 14.
c3 Qd7 15. Ng3 Ng6 16. Qe2 Kh8 17. Qg4 Qe7 18. Bg5 Qd7 19. a3 1/2-1/2

[Event "II C.to Italiano a squadre femminile"]
[Site "Senigallia ITA"]
[Date "2009.05.02"]
[Round "4"]
[White "Arnetta, Maria Teresa"]
[Black "Fierro Baquero, Martha Lorena"]
[Result "1-0"]
[WhiteElo "2027"]
[BlackElo "2411"]
[PlyCount "163"]
[EventDate "2009.04.30"]

1. e4 g6 2. d4 Bg7 3. Nc3 c6 4. Nf3 d6 5. h3 Nf6 6. Be2 O-O 7. O-O Nbd7 8. e5
Ne8 9. Bg5 dxe5 10. dxe5 Nc7 11. Re1 Ne6 12. Bh4 Nxe5 13. Nxe5 Bxe5 14. Qxd8
Rxd8 15. Bxe7 Re8 16. Bh4 Nd4 17. Bd3 Bf5 18. Ne4 Bxe4 19. Bxe4 Re6 20. c3 Nb5
21. Bc2 Rae8 22. Kf1 Bf4 23. Rxe6 Rxe6 24. Bb3 Rd6 25. Be7 Rd7 26. Bf6 Rd6 27.
Be7 Rd7 28. Re1 Kg7 29. g3 Bd6 30. Bg5 h6 31. Be3 a6 32. a4 Nc7 33. Rd1 Ne8 34.
Bd4+ Kf8 35. Be3 Kg7 36. Bd4+ Kf8 37. Bc5 Ke7 38. Re1+ Kd8 39. Bb6+ Bc7 40. Be3
Re7 41. Rd1+ Bd6 42. Bxh6 Kc7 43. Bf8 Rd7 44. Bh6 f6 45. Be3 a5 46. h4 Re7 47.
Bc2 Bxg3 48. Bc5 Bd6 49. Bxd6+ Nxd6 50. Bxg6 Nf7 51. h5 Nh6 52. Rd4 Re5 53. Rf4
f5 54. Rd4 Re7 55. f3 Re5 56. Kf2 b5 57. b3 bxa4 58. Rxa4 Rc5 59. c4 f4 60. Ra1
Rg5 61. Re1 Kd6 62. Re4 Nf5 63. Rxf4 Ne7 64. Be8 Rg8 65. Bf7 Rf8 66. Ke3 Ke5
67. Re4+ Kf6 68. Rf4+ Ke5 69. Re4+ Kf6 70. Be6 Kg5 71. Bg4 Ng8 72. Re5+ Kh4 73.
Rxa5 Rb8 74. h6 Nf6 75. Kf4 Rf8 76. Rf5 c5 77. Ke5 Nxg4+ 78. fxg4 Rh8 79. g5
Kh5 80. Kd6 Rb8 81. Kxc5 Rxb3 82. Kd5 1-0

[Event "II C.to Italiano a squadre femminile"]
[Site "Senigallia ITA"]
[Date "2009.05.02"]
[Round "4"]
[White "Arnetta, Marianna"]
[Black "Gabassi, Cristina"]
[Result "1-0"]
[WhiteElo "1952"]
[BlackElo "1611"]
[PlyCount "55"]
[EventDate "2009.04.30"]

1. Nf3 d5 2. g3 Nf6 3. Bg2 Bf5 4. d3 e6 5. Nbd2 c5 6. c4 Nc6 7. O-O Qd7 8. a3
Be7 9. Re1 O-O-O 10. Qa4 h6 11. b4 cxb4 12. axb4 Bxb4 13. Ne5 Nxe5 14. Qxb4 Nc6
15. Qa4 Rhg8 16. Bb2 Qc7 17. Rec1 d4 18. Bxc6 bxc6 19. Qxa7 e5 20. Nf3 Qxa7 21.
Rxa7 Nd7 22. Rca1 Be6 23. R1a6 Kb8 24. Ba3 c5 25. Nd2 Rc8 26. Ne4 Rgf8 27. Nd6
Rc7 28. Ra8# 1-0